Online
Catalog

Dostoyevski / (Record no. 57578)

MARC details
000 -CABECERA
campo de control de longitud fija 01100nam a2200325 i 4500
003 - IDENTIFICADOR DEL NÚMERO DE CONTROL
campo de control DO-SdBNP
005 - FECHA Y HORA DE LA ÚLTIMA TRANSACCIÓN
campo de control 20240917153955.0
007 - CAMPO FIJO DE DESCRIPCIÓN FÍSICA--INFORMACIÓN GENERAL
campo de control de longitud fija ta
008 - DATOS DE LONGITUD FIJA--INFORMACIÓN GENERAL
campo de control de longitud fija 240829s1985 sp a 000 0 spa d
020 ## - NÚMERO INTERNACIONAL ESTÁNDAR DEL LIBRO
Número Internacional Estándar del Libro 8434581450 (obra completa)
020 ## - NÚMERO INTERNACIONAL ESTÁNDAR DEL LIBRO
Número Internacional Estándar del Libro 8434581752 (v. 2)
020 ## - NÚMERO INTERNACIONAL ESTÁNDAR DEL LIBRO
Número Internacional Estándar del Libro 8434581744 (v. 1)
040 ## - FUENTE DE LA CATALOGACIÓN
Centro catalogador/agencia de origen DO-SdBNP
Lengua de catalogación spa
Centro/agencia transcriptor BNPHU
Normas de descripción rda
082 ## - NÚMERO DE LA CLASIFICACIÓN DECIMAL DEWEY
Número de documento/Ítem G633a
Número de edición 22
100 ## - ENTRADA PRINCIPAL--NOMBRE DE PERSONA
Nombre de persona Troyat, Henri,
Fechas asociadas al nombre 1911-2007
9 (RLIN) 13620
240 ## - TÍTULO UNIFORME
Título uniforme Dostoïevski /
Lenguaje de la obra fre
245 10 - MENCIÓN DE TÍTULO
Título Dostoyevski /
Mención de responsabilidad, etc. Henri Troyat : prólogo Joaquín Marco : traducción Irene Andresco
264 #1 - PRODUCCIÓN, PUBLICACIÓN, DISTRIBUCIÓN, FABRICACIÓN Y COPYRIGHT
Producción, publicación, distribución, fabricación y copyright Barcelona, España :
Nombre del de productor, editor, distribuidor, fabricante Salvat editores,
Fecha de producción, publicación, distribución, fabricación o copyright 1986.
300 ## - DESCRIPCIÓN FÍSICA
Extensión 2 volúmenes
Otras características físicas ilustraciones
Dimensiones 20 cm.
336 ## - TIPO DE CONTENIDO
Fuente rdacontent
Término de tipo de contenido texto
Código de tipo de contenido txt
337 ## - TIPO DE MEDIO
Fuente rdamedia
Nombre/término del tipo de medio sin mediación
Código del tipo de medio n
338 ## - TIPO DE SOPORTE
Fuente rdacarrier
Nombre/término del tipo de soporte volumen
Código del tipo de soporte nc
490 1# - MENCIÓN DE SERIE
Mención de serie Biblioteca Salvat de grandes biografías
Designación de volumen o secuencia 29, 30.
504 ## - NOTA DE BIBLIOGRAFÍA, ETC.
Nota de bibliografía, etc. Bibliografía del volumen 2 p: 373
590 ## - NOTA LOCAL (RLIN)
Nota local Inventariado, 2024/ YL
700 1# - PUNTO DE ACCESO ADICIONAL--NOMBRE DE PERSONA
Código de función/relación prol.
Nombre de persona Marco. Joaquín
Término indicativo de función/relación prólogo
9 (RLIN) 59271
700 1# - PUNTO DE ACCESO ADICIONAL--NOMBRE DE PERSONA
Código de función/relación trad.
Nombre de persona Andresco, Irene
Término indicativo de función/relación traducción
9 (RLIN) 86461
910 ## - DATOS DE OPCIÓN DEL USUARIO (OCLC)
Datos de opción del usuario YLockward
942 ## - ELEMENTOS DE PUNTO DE ACCESO ADICIONAL (KOHA)
Fuente del sistema de clasificación o colocación Dewey Decimal Classification
Tipo de ítem Koha Libro
Holdings
Estado de retiro Estado de pérdida Fuente del sistema de clasificación o colocación Restricciones de uso No para préstamo Código de colección Localización permanente Ubicación/localización actual Ubicación en estantería Fecha de adquisición Fuente de adquisición Total de préstamos Signatura topográfica completa Código de barras Fecha visto por última vez Número de copia Precio válido a partir de Tipo de ítem Koha
    Dewey Decimal Classification Préstamo en sala   General Biblioteca Nacional Pedro Henríquez Ureña Biblioteca Nacional Pedro Henríquez Ureña En catalogación 01.08.2008 Donación CSIC   BNPHU GR G633a 2024-5143 29.08.2024 v. 2 29.08.2024 Libro
    Dewey Decimal Classification Préstamo en sala   General Biblioteca Nacional Pedro Henríquez Ureña Biblioteca Nacional Pedro Henríquez Ureña En catalogación 01.08.2008 Donación CSIC   BNPHU GR G633a 2024-5389 17.09.2024 v. 1 17.09.2024 Libro

Powered by Koha